Orthogonal and symplectic Clifford algebras : spinor structures

Αποθηκεύτηκε σε:
Λεπτομέρειες βιβλιογραφικής εγγραφής
Κύριος συγγραφέας: Crumeyrolle, A. (Albert)
Μορφή: Βιβλίο
Γλώσσα:English
Δημοσίευση: Dordrecht : Boston : Kluwer Academic Publishers, c1990
Σειρά:Mathematics and its applications ; ; 57
Θέματα:
Ετικέτες: Προσθήκη ετικέτας
Δεν υπάρχουν, Καταχωρήστε ετικέτα πρώτοι!

MARC

LEADER 00000cam a2200000 i 4500
001 1/42616
008 941103s1990 eng d
020 |a 0792305418 
035 |l 10041811 
035 |a 1994 
040 |a GR-MY-UA  |b gre  |e aacr 
041 0 |a eng 
082 0 |a 512.57  |2 (20) 
100 1 |a Crumeyrolle, A.  |q (Albert) 
245 1 0 |a Orthogonal and symplectic Clifford algebras :  |b spinor structures /  |c by Albert Crumeyrolle 
260 |a Dordrecht :   |a Boston :   |b Kluwer Academic Publishers,   |c c1990 
300 |a xiii, 350 p.;  |c 25 cm 
490 1 |a Mathematics and its applications  |v ; 57 
504 |a Includes bibliographical references (p. 332-340) 
650 0 0 |a Clifford algebras. 
650 0 0 |a Spinor analysis. 
830 0 |a Mathematics and its applications ;  |v ; 57 
852 |a INST  |b SAMOS  |e 19941103  |h 512.57 CRU  |p 005300007337  |q 005300007337  |t BK  |y 0 
909 |a Σ  |b 034547